000 00647nam a2200205Ia 4500
008 131103s9999 xx 000 0 und d
020 _a030435046X
040 _aLoreto College
041 _aEnglish
082 _a909.08,
_bCAS
245 4 _aThe Cassell Atlas of the Early Modern World 1492 - 1783
_cJohn Haywood with Simon Hall, John Swift
260 _aLondon
_bCassell plc
_c1998
300 _aillus, 30.5 cm.
504 _aIncludes bibliographical references and index
630 _aHistory, World,1492 - 1783
650 _aEarly Modern World
651 _aWorld History, Early Modern
700 _aHaywood, John, auth
942 _cBK
999 _c2614
_d53093